| 000 | 00659cab a22002055a 4500 | ||
|---|---|---|---|
| 001 | L147443 | ||
| 008 | 090512s2009 xxk d f 000 0 eng d | ||
| 035 | _a(Sirsi) u147443 | ||
| 041 | 0 | _aeng | |
| 110 | 2 |
_aAsiaProperty _95571 |
|
| 245 | 0 | 0 | _aHong Kong now most costly office location |
| 260 | _c2009 | ||
| 490 | 0 |
_aAsia Property _vMarch 2009, 26(1) |
|
| 520 | _aHong Kong has become the world's most expensive office location followed by Tokyo. Table details prime Asian rents and yields, Q4 2008. | ||
| 590 | _aKA | ||
| 651 | 4 | _aAsia Pacific | |
| 651 | 4 | _aHong Kong | |
| 690 | _aPROPERTY-COMMERCIAL PROPERTY-COMMERCIAL PROPERTY MARKET | ||
| 942 | _n0 | ||
| 999 |
_c81537 _d81537 |
||